Personnages de Fast & Furious 6 - Statistiques

Statistiques générales
  • Ce quiz a été pris 180 fois
  • Le résultat moyen est 11 sur 15
Statistiques - réponses
Hint Réponse % Correct
Après avoir empoché les 100M de $, il doit faire face à son passé après avoir appris que 9 est en vie Dom
98%
Aide 1 dans sa quête qui se rend dans une prison de Los Angeles pour parler à 12 Brian
90%
Présumée morte dans le 4e film, elle est alliée de 10, mais finit par rejoindre l'équipe de 1 Letty
90%
Après avoir survécu grâce au sacrifice de 7, il se rend à Tokyo où il est tué dans l'explosion de sa voiture dans la scène inter-générique Han
87%
Reste avec 14 pendant le film pour garder les enfants, puis réapparaît à la fin du film pour le repas Mia
87%
Echappe de justesse au tank sur le pont et sauvé par 2 Roman
82%
S'occupe des caméras et achète des voitures avec 8 Tej
81%
Après avoir trouvé les dossiers sur 11, il demande à 1 de l'aider à attraper l'équipe de 10 Hobbs
77%
Se sacrifie en se jetant de sa voiture pour sauver 6 à la fin du film Gisele
75%
Antagoniste allié de 12 qui récupère 11, qui est amnésique après son accident dans Fast & Furious 4 Owen Shaw
75%
Assassin de 6 dans Tokyo Drift, dévoilé dans la scène inter-générique Deckard Shaw
72%
Compagne de 1 qui apparaît au début et à la fin du film Elena
69%
Antagoniste de Fast & Furious 4, qui a un lien avec 10 Braga
48%
Assistante de 8 au début du film, elle est en fait une taupe envoyée par 10 Riley
15%
Agent de police qui aide 2 à entrer dans une prison pour trouver 12 Stasiak
14%
Aucun quiz correspondant
Distribution des résultats
% des personnes avec chaque résultat
Percentile par nombre de réponses
Votre historique - résultats
Vous n’avez pas pris ce quiz